000 00484nam a22001937a 4500
003 MPLRDC
005 20220104192403.0
008 210129b ||||| |||| 00| 0 eng d
020 _a978-986-6141-50-8
082 _a177 SM v.8
100 _a水淼
245 _a20几岁,自己的人生自己战斗!
_c
250 _a初版
260 _a台湾
_b好的文化
_c2012
300 _b
490 _a20几岁,就定位: 08
650 _a成功法
942 _cBK
_o177 SM v.8
999 _c64694
_d64684